000 00329 a2200145 4500
001 154421
040 _cEscola São Tomás de Aquino
100 _aFRANÇA, Eliardo
240 1 0 _aTuca, vovó e Guto
_lpor
245 1 0 _aTuca, vovó e Guto
362 0 _a2011
440 1 _aÁtica
697 _a*LITERATURA INFANTIL
942 _cBK
999 _c154421
_d154421